Catálogo de algunas obras de legislación, jurisprudencia y administración que se hallan en venta en la Librería de Antonino Romero, calle de Preciados, 23. (Record no. 185348)

MARC details
000 -LEADER
campo de control de longitud fija 00692nam a2200181 i 4500
001 - NÚMERO DE CONTROL
campo de control 185348
003 - IDENTIFICADOR DE NÚMERO DE CONTROL
campo de control ES-MaACL
005 - FECHA Y HORA DE LA ÚLTIMA TRANSACCIÓN
campo de control 20250903083733.0
008 - DATOS DE LONGITUD FIJA--INFORMACIÓN GENERAL
campo de control de longitud fija 160524s1903 sp |||| | spa d
110 2# - ENTRADA PRINCIPAL--NOMBRE DE ENTIDAD CORPORATIVA
Nombre de entidad corporativa o nombre de jurisdicción como elemento de entrada Librería de Antonino Romero (Madrid)
9 (RLIN) 159623
245 10 - MENCIÓN DEL TÍTULO
Título Catálogo de algunas obras de legislación, jurisprudencia y administración que se hallan en venta en la Librería de Antonino Romero, calle de Preciados, 23.
260 ## - PUBLICACIÓN, DISTRIBUCIÓN, ETC.
Lugar de publicación, distribución, etc. Madrid :
Nombre del editor, distribuidor, etc. Librería de Antonino Romero,
Fecha de publicación, distribución, etc. 1903.
300 ## - DESCRIPCIÓN FÍSICA
Extensión 31 p. ;
Dimensiones 17 cm.
650 #4 - PUNTO DE ACCESO ADICIONAL DE MATERIA--TÉRMINO DE MATERIA
Término de materia o nombre geográfico como elemento de entrada Libros-
Subdivisión de forma Catálogos comerciales.
9 (RLIN) 159004
650 #7 - PUNTO DE ACCESO ADICIONAL DE MATERIA--TÉRMINO DE MATERIA
Término de materia o nombre geográfico como elemento de entrada Catálogos de libreros
Fuente del encabezamiento o término embne
9 (RLIN) 139327
852 ## - LOCALIZACIÓN
Ubicación ES-MaACL
Número de control de estantería 1545-F-7
Holdings
Estatus retirado Estado de pérdida Estado de daño No para préstamo Colección Biblioteca de origen Biblioteca actual Ubicación en estantería Fecha de adquisición Fuente de adquisición Total de préstamos Signatura topográfica completa Código de barras Visto por última vez Precio de reemplazo Tipo de ítem Koha
        Colección de folletos Biblioteca del Ateneo de Madrid Biblioteca del Ateneo de Madrid Depósito folletos 24/05/2016     1545-F-7 1195275 23/02/2023 23/02/2023 Folleto